Представление документа в формате RUSMARC

ПолеНазваниеЗначение
  Тип записи i
  Библиографический уровень m
001 Контрольный номер LIBNET\0000239886
005 Дата корректировки 20201206204959.8
010 Индекс ISBN __
a ISBN (в кор.)
d Цена 181-48
100 Данные общей обработки __
a Данные общей обработки 19160111d2011####||| 0rusy0189 ca
101 Язык документа 0_
a Язык текста rus
102 Страна публикации __
a Страна публикации RU|
105 Кодированные данные (монография) __
a Кодированные данные (монография) nn|||||||f|zy
127 Кодированные данные (звукозаписи-физические характеристики) __
a Продолжительность проигрывания 03 ч 38 мин
200 Заглавие и сведения об ответственности 1_
a Заглавие Лев Толстой в исполнении мастеров художественного слова
e Сведения, относящиеся к заглавию [аудиокнига : 12+]
f Первые сведения об ответственности [исполнители: Василий Качалов, Александр Остужев, Борис Бабочкин ; ремастеринг Полина Станчева]
b Общее обозначение материала Звукозапись
210 Выходные данные __
a Место издания Москва
c Издательство Ардис
d Дата издания 2011
215 Физическое описание __
a Объем 1 электрон. опт. диск (Audio CD)
c Иллюстрации/тип воспроизводства mp3, stereo
d Формат 12х14 см
225 Серия __
a Серия Театр у микрофона
230 Специфическая характеристика материала: электронные ресурсы __
a Обозначение и объем ресурса Электронные звуковые данные
300 Общие примечания __
a Общие примечания Загл. с этикетки диска
300 Общие примечания __
a Общие примечания Записи 1946 г., 1947 г., 1960 г.
323 Примечание о главных создателях, исполнителях, участниках __
a Примечание о главных создателях, исполнителях, участниках Качалов, В. (читает)
323 Примечание о главных создателях, исполнителях, участниках __
a Примечание о главных создателях, исполнителях, участниках Остужев, А. (читает)
323 Примечание о главных создателях, исполнителях, участниках __
a Примечание о главных создателях, исполнителях, участниках Бабочкин, Б. (читает)
327 Примечание о содержании __
a Примечание о содержании Анна Каренина (фрагменты)
327 Примечание о содержании __
a Примечание о содержании Воскресение (фрагменты)
327 Примечание о содержании __
a Примечание о содержании Алеша Горшок
327 Примечание о содержании __
a Примечание о содержании Хаджи Мурат
327 Примечание о содержании __
a Примечание о содержании Хозяин и работник
330 Аннотация __
a Аннотация Фрагменты романов «Анна Каренина», «Воскресение», повести «Хаджи-Мурат», «Хозяин и работник», рассказ «Алеша Горшок» исполняют мастера художественного чтения.
333 Примечание о целевом назначении __
a Примечание о целевом назначении 12+. Для детей старше 12 лет
337 Примечание о системных требованиях (электронные ресурсы) __
a Примечание о системных требованиях (электронные ресурсы) Системные требования: CD-плеер с поддержкой МР3 или Pentium-233 c Windows 9x-XP; CD-ROM; звуковая карта
517 Другие варианты заглавия __
a Другие варианты заглавия Анна Каренина
517 Другие варианты заглавия __
a Другие варианты заглавия Воскресение
517 Другие варианты заглавия __
a Другие варианты заглавия Алеша Горшок
517 Другие варианты заглавия __
a Другие варианты заглавия Хаджи Мурат
517 Другие варианты заглавия __
a Другие варианты заглавия Хозяин и работник
606 Тематические рубрики __
a Основная рубрика Художественная литература
606 Тематические рубрики __
a Основная рубрика Русская литература XIX в. (произведения)
610 Ключевые слова __
a Ключевые слова классическая литература
a Ключевые слова повести
a Ключевые слова проза
a Ключевые слова рассказы
a Ключевые слова романы
a Ключевые слова русская классическая литература
a Ключевые слова тема деспотизма
a Ключевые слова тема женщины
a Ключевые слова тема жизни
a Ключевые слова тема любви
a Ключевые слова тема ревности
a Ключевые слова тема смерти
686 Индексы других классификаций __
2 Код системы rubbks
a Классификационный индекс 84(2=411.2)52-4я04; ст84(2Рос=Рус)1-4я0
700 Автор _1
a Фамилия Толстой
b Имя Л. Н.
f Даты 1828-1910
g Полное личное имя Лев Николаевич
4 Код отношения 070
702 Вторичная интеллектуальная ответственность _1
a Фамилия Станчева
b Имя П.
4 Код отношения Прочие
4 Код отношения 570
801 Источник записи _0
a Страна RU
b Организация Муниципальное бюджетное учреждение культуры "Централизованная библиотечная система" г. Сургут (Центральная городская библиотека им. А. С. Пушкина)
c Дата составления 20160111
g Правила каталогизации КиК/Апакова
801 Источник записи _1
a Страна RU
b Организация Муниципальное бюджетное учреждение культуры "Централизованная библиотечная система" г. Сургут (Центральная городская библиотека им. А. С. Пушкина)
c Дата составления 20160111
g Правила каталогизации КиК/Апакова
852 Данные о местонахождении __
j Шифр хранения 84(2=411.2)52-4я04
i Авторский знак Т 52
901 Тип документа __
t Тип документа 0
903 Характеристики (МАРС) __
a Дата передачи 20160111
969 Тип издания __
a Тип издания аудиокнига; издание для слепых; сборник
990 Данные о заказе (DOS) __
j Количество экземпляров (DOS) 8
t N записи в КСУ для И/У (DOS) 201601